Factors Affecting The Microclimate In The City Core Area Of Pune. (Record no. 361789)
[ view plain ]
| 000 -LEADER | |
|---|---|
| fixed length control field | 00295nam a2200097Ia 4500 |
| 008 - FIXED-LENGTH DATA ELEMENTS--GENERAL INFORMATION | |
| fixed length control field | 241105s9999 xx 000 0 und d |
| 041 ## - LANGUAGE CODE | |
| Language code of text/sound track or separate title | eng |
| 100 ## - MAIN ENTRY--PERSONAL NAME | |
| Personal name | Rasane Madhura. |
| 9 (RLIN) | 183774 |
| 245 ## - TITLE STATEMENT | |
| Title | Factors Affecting The Microclimate In The City Core Area Of Pune. |
| 260 ## - PUBLICATION, DISTRIBUTION, ETC. (IMPRINT) | |
| Name of publisher, distributor, etc. | BNCA M Arch EA, Pune |
| Date of publication, distribution, etc. | 2019 |
No items available.